000 00880nam a2200217 a 4500
001 44557
003 BD-RjUL
005 20211209053859.0
008 160718s1949 ii ||||| |||| 00| 0 ben d
035 _a(BD-RjUL)44675
040 _aBD-RjUL
_bben
_cBD-RjUL
_dBD-RjUL
041 _aben
082 _223
_a809
_bDES 1949
100 _aদেবী, অনুরুপা
_9136174
245 1 0 _aসাহিত্যে নারী :
_bস্রষ্ট্রী ও সৃষ্টি /
_cঅনুরুপা দেবী
260 _aকলিকাতা :
_bকলিকাতা বিশ্ববিদ্যালয়,
_c১৯৪৯
300 _a[২০], ৪৩২ পৃ. ;
_c২৩ সেমি.
650 _aসাহিত্য
_vইতিহাস ও সমালোচনা
_9136715
650 _aLiterature
_vHistory and criticism
_9136716
942 _2ddc
_cBK
999 _c44557
_d44557